Politics vs Economics in World Steel Trade : World industry studies
Zapisane w:
| 1. autor: | |
|---|---|
| Format: | Książka |
| Język: | Undetermined |
| Wydane: |
Lodon
Allen
1986
|
| Hasła przedmiotowe: | |
| Etykiety: |
Dodaj etykietę
Nie ma etykietki, Dołącz pierwszą etykiete!
|
| Thư viện lưu trữ: | Trung tâm Học liệu Trường Đại học Cần Thơ |
|---|
| LEADER | 00513nam a2200193Ia 4500 | ||
|---|---|---|---|
| 001 | CTU_85939 | ||
| 008 | 210402s9999 xx 000 0 und d | ||
| 082 | |a 382 | ||
| 082 | |b J76 | ||
| 100 | |a Jones, Kent | ||
| 245 | 0 | |a Politics vs Economics in World Steel Trade : | |
| 245 | 0 | |b World industry studies | |
| 245 | 0 | |c Kent Jones | |
| 260 | |a Lodon | ||
| 260 | |b Allen | ||
| 260 | |c 1986 | ||
| 650 | |a Goverment,Steel industry,Trade | ||
| 904 | |i Năm | ||
| 980 | |a Trung tâm Học liệu Trường Đại học Cần Thơ | ||